00453nam a2200181 a 4500001001300000003000900013005001700022008004100039020002300080082001300103100001800116245001400134260003600148300001000184500003500194650002400229700001800253nice12345678IN_TiNIC20260116014010.0131001s2001 newa grp 000 0 eng  a9780141185231c35000a920bCAM aCamus, Albert aFirst Man aNew DelhibPenguin Books c2001 a261p  aincludes index and biblioraphy aAutobiography-Camus1 aCamus, Albert